<?xml version="1.0" encoding="UTF-8"?>
<record
    xmlns:xsi="http://www.w3.org/2001/XMLSchema-instance"
    xsi:schemaLocation="http://www.loc.gov/MARC21/slim http://www.loc.gov/standards/marcxml/schema/MARC21slim.xsd"
    xmlns="http://www.loc.gov/MARC21/slim">

  <leader>01357nam a22002537a 4500</leader>
  <datafield tag="952" ind1=" " ind2=" ">
    <subfield code="0">0</subfield>
    <subfield code="1">0</subfield>
    <subfield code="4">0</subfield>
    <subfield code="7">0</subfield>
    <subfield code="a">13</subfield>
    <subfield code="b">13</subfield>
    <subfield code="d">2016-01-19</subfield>
    <subfield code="l">0</subfield>
    <subfield code="o">QA76.73C154 C4818 2014</subfield>
    <subfield code="p">13 003202</subfield>
    <subfield code="r">2016-01-19</subfield>
    <subfield code="t">1</subfield>
    <subfield code="w">2016-01-19</subfield>
    <subfield code="y">LB</subfield>
  </datafield>
  <datafield tag="952" ind1=" " ind2=" ">
    <subfield code="0">0</subfield>
    <subfield code="1">0</subfield>
    <subfield code="4">0</subfield>
    <subfield code="7">0</subfield>
    <subfield code="a">22</subfield>
    <subfield code="b">22</subfield>
    <subfield code="d">2016-02-12</subfield>
    <subfield code="l">6</subfield>
    <subfield code="o">QA76.73C154 C43 2014</subfield>
    <subfield code="p">06 002956</subfield>
    <subfield code="r">2019-10-28</subfield>
    <subfield code="s">2019-10-28</subfield>
    <subfield code="t">1</subfield>
    <subfield code="w">2016-02-12</subfield>
    <subfield code="y">LB</subfield>
  </datafield>
  <datafield tag="952" ind1=" " ind2=" ">
    <subfield code="0">0</subfield>
    <subfield code="1">0</subfield>
    <subfield code="2">lcc</subfield>
    <subfield code="4">0</subfield>
    <subfield code="7">0</subfield>
    <subfield code="a">12</subfield>
    <subfield code="b">12</subfield>
    <subfield code="d">2017-10-19</subfield>
    <subfield code="l">0</subfield>
    <subfield code="o">QA76.73C154 C43 2014</subfield>
    <subfield code="p">24 000215</subfield>
    <subfield code="r">2023-09-22</subfield>
    <subfield code="t">1</subfield>
    <subfield code="w">2017-10-19</subfield>
    <subfield code="y">LB</subfield>
  </datafield>
  <datafield tag="952" ind1=" " ind2=" ">
    <subfield code="0">0</subfield>
    <subfield code="1">0</subfield>
    <subfield code="4">0</subfield>
    <subfield code="7">0</subfield>
    <subfield code="a">09</subfield>
    <subfield code="b">09</subfield>
    <subfield code="d">2018-09-26</subfield>
    <subfield code="l">0</subfield>
    <subfield code="o">QA76.73C154 C4818 2014</subfield>
    <subfield code="p">09 005164</subfield>
    <subfield code="r">2018-09-26</subfield>
    <subfield code="t">1</subfield>
    <subfield code="w">2018-09-26</subfield>
    <subfield code="y">LB</subfield>
  </datafield>
  <datafield tag="952" ind1=" " ind2=" ">
    <subfield code="0">0</subfield>
    <subfield code="1">0</subfield>
    <subfield code="2">lcc</subfield>
    <subfield code="4">0</subfield>
    <subfield code="7">0</subfield>
    <subfield code="a">08</subfield>
    <subfield code="b">08</subfield>
    <subfield code="d">2018-11-07</subfield>
    <subfield code="l">0</subfield>
    <subfield code="o">QA76.73C154 C48 2014</subfield>
    <subfield code="p">08 006805</subfield>
    <subfield code="r">2018-11-07</subfield>
    <subfield code="t">1</subfield>
    <subfield code="w">2018-11-07</subfield>
    <subfield code="y">LB</subfield>
  </datafield>
  <datafield tag="999" ind1=" " ind2=" ">
    <subfield code="c">98726</subfield>
    <subfield code="d">98726</subfield>
  </datafield>
  <controlfield tag="005">20231102151905.0</controlfield>
  <controlfield tag="008">160119r    2014mx a|||| |||| 00| 0 spa d</controlfield>
  <datafield tag="020" ind1=" " ind2=" ">
    <subfield code="a">9786077079194</subfield>
  </datafield>
  <datafield tag="050" ind1="0" ind2="4">
    <subfield code="a">QA76.73C154</subfield>
    <subfield code="b">C48 2014</subfield>
  </datafield>
  <datafield tag="100" ind1="1" ind2=" ">
    <subfield code="a">Ceballos Sierra, Francisco Javier</subfield>
    <subfield code="e">autor</subfield>
  </datafield>
  <datafield tag="245" ind1="1" ind2="0">
    <subfield code="a">Enciclopedia de Microsoft Visual C#</subfield>
    <subfield code="b"> : Interfaces gr&#xE1;ficas y aplicaciones para Internet con Windows Forms y ASP.NET</subfield>
    <subfield code="c"> / Francisco Javier Ceballos Sierra</subfield>
  </datafield>
  <datafield tag="250" ind1=" " ind2=" ">
    <subfield code="a">4a edici&#xF3;n</subfield>
  </datafield>
  <datafield tag="260" ind1=" " ind2=" ">
    <subfield code="a">M&#xE9;xico</subfield>
    <subfield code="b"> : Alfaomega</subfield>
    <subfield code="b">Ra-Ma</subfield>
    <subfield code="c">, 2014</subfield>
  </datafield>
  <datafield tag="300" ind1=" " ind2=" ">
    <subfield code="a">xxvi, 1145 p&#xE1;ginas</subfield>
    <subfield code="b"> : ilustraciones</subfield>
  </datafield>
  <datafield tag="505" ind1=" " ind2=" ">
    <subfield code="a">Introducci&#xF3;n
Interfaces gr&#xE1;ficas
Acceso a datos
Aplicaciones para Internet
Acerca del Cd y de los ap&#xE9;ndices</subfield>
  </datafield>
  <datafield tag="519" ind1=" " ind2=" ">
    <subfield code="a">Educaci&#xF3;n Mixta /</subfield>
    <subfield code="b">Inform&#xE1;tica /</subfield>
    <subfield code="c">Lenguajes de Alto Nivel (P17-3) /</subfield>
    <subfield code="d">(13 003202)</subfield>
  </datafield>
  <datafield tag="519" ind1=" " ind2=" ">
    <subfield code="a">Plan Flexible /</subfield>
    <subfield code="b">Inform&#xE1;tica /</subfield>
    <subfield code="c">Programaci&#xF3;n De Software (LI526-3) /</subfield>
    <subfield code="d">(24 000215)</subfield>
  </datafield>
  <datafield tag="519" ind1=" " ind2=" ">
    <subfield code="a">Educaci&#xF3;n Mixta /</subfield>
    <subfield code="b">Inform&#xE1;tica / </subfield>
    <subfield code="c">Programaci&#xF3;n con Nuevas Tecnolog&#xED;as (P18-3)</subfield>
    <subfield code="d">(06 002956)</subfield>
  </datafield>
  <datafield tag="519" ind1=" " ind2=" ">
    <subfield code="a">Material Complementario /</subfield>
    <subfield code="b">Inform&#xE1;tica /</subfield>
    <subfield code="d">(08 006805)</subfield>
  </datafield>
  <datafield tag="650" ind1="1" ind2="4">
    <subfield code="a">C# (LENGUAJE DE PROGRAMACI&#xD3;N PARA COMPUTADORAS)</subfield>
  </datafield>
  <datafield tag="942" ind1=" " ind2=" ">
    <subfield code="c">LB</subfield>
  </datafield>
</record>
